Statistics for NFL Running Backs 2015-16

Click here to take the quiz!

General Stats

  • This quiz has been taken 1,114 times
    (1,099 since last reset)
  • The average score is 33 of 72

Answer Stats

HintAnswer% Correct
SteelersLe'Veon Bell
84%
LionsJoique Bell
83%
SeahawksMarshawn Lynch
81%
CardinalsDavid Johnson
80%
BillsLeSean McCoy
80%
CardinalsChris Johnson
79%
BrownsDuke Johnson Jr.
79%
BearsMatt Forte
78%
EaglesDeMarco Murray
77%
VikingsAdrian Peterson
76%
RaidersLatavius Murray
76%
PatriotsLeGarrette Blount
75%
ColtsFrank Gore
74%
RamsTodd Gurley
71%
ChiefsJamaal Charles
70%
SteelersDeAngelo Williams
68%
PackersEddie Lacy
68%
BillsKarlos Williams
67%
FalconsDevonta Freeman
65%
SaintsMark Ingram
65%
TexansArian Foster
64%
BengalsJeremy Hill
64%
PanthersJonathan Stewart
64%
BroncosCJ Anderson
61%
JetsChris Ivory
60%
ChargersMelvin Gordon
59%
BuccaneersDoug Martin
58%
DolphinsLamar Miller
57%
RedskinsAlfred Morris
56%
49ersCarlos Hyde
55%
EaglesDarren Sproles
54%
BengalsGiovani Bernard
54%
CowboysDarren McFadden
49%
RedskinsMatt Jones
49%
PatriotsDion Lewis
48%
BrownsIsaiah Crowell
48%
RavensJustin Forsett
47%
SeahawksThomas Rawls
47%
EaglesRyan Matthews
46%
JaguarsTJ Yeldon
45%
FalconsTevin Coleman
42%
ChiefsCharcandrick West
41%
GiantsRashad Jennings
41%
ChargersDanny Woodhead
38%
TexansAlfred Blue
37%
JetsBilal Powell
34%
ChiefsSpencer Ware
34%
PackersJames Starks
33%
LionsAmeer Abdullah
32%
SeahawksFred Jackson
32%
CardinalsAndre Ellington
31%
BroncosRonnie Hillman
29%
BearsJeremy Langford
28%
GiantsShane Vereen
28%
SaintsCJ Spiller
24%
PanthersMike Tolbert
24%
LionsTheo Riddick
24%
JaguarsDenard Robinson
20%
CowboysJoseph Randle
20%
SaintsTim Hightower
19%
TitansBishop Sankey
18%
SeahawksBryce Brown
17%
PanthersCameron Artis-Payne
15%
RavensJavorius Allen
14%
PatriotsBrandon Bolden
10%
GiantsOrleans Darkwa
10%
CowboysRobert Turbin
10%
RamsBenny Cunningham
9%
TitansAntonio Andrews
8%
SeahawksDuJuan Harris
8%
49ersShaun Draughn
7%
TexansChris Polk
6%

Score Distribution

Percentile by Number Answered

Percent of People with Each Score

Your Score History

You have not taken this quiz since the last reset